000 01403nam a22003137a 4500
003 OSt
005 20240712143416.0
008 240410t2001 ck a gr 001 f spa d
020 _a9589690645
037 _bDonación
040 _aCO-JMCR
_bspa
_cCO-JMCR
_dCO-JMCR
_erda
041 0 _aspa
082 0 4 _aA-N
_bSILd
100 1 _943575
_aSilva, José Asunción,
_d1865 - 1896
_eautor
245 1 0 _aDe sobremesa /
_cJosé Asunción Silva ; prólogo de Alfredo Iriarte
250 _aPrimera edición /
_bAseguradora Colseguros S.A.
260 _aBogotá :
_bAseguradora Colseguros ,
_c©2001
300 _a167 páginas :
_bIlustraciones a blanco y negro ;
_c22 cm.
490 _aNueva biblioteca Colseguros de autores colombianos
_v3
_x9589690661
500 _aCon: Prólogo
501 _aCon: prólogo
505 0 _tDe sobremesa -- Nocturno
520 3 _a[Novela del escritor colombiano José Asunción Silva, que se publicó por primera vez en 1925, se revela como un texto crítico que constituye un espacio para la reflexión del intelectual modernista sobre algunos aspectos del arte, la filosofía y, en definitiva, la estética de fin de siglo.]
650 1 4 _2JMCR
_aAutobiografía
_xNovela
_943576
650 2 4 _2JMCR
_aAmor
_xRelatos
_943577
650 3 4 _2JMCR
_aRelatos íntimos
_943578
700 _aIriarte, Alfredo,
_eautor del prólogo
_97168
_d1932-2002
942 _2ddc
_cBK
999 _c30739
_d17123